Länder mit Grenzen in 15 Sekunden - Statistiken

Allgemein
  • Dieses Quiz wurde 1.728 mal gespielt
  • Das Durchschnittsergebnis liegt bei 48 aus 157
Antworten auf der Karte
Die Antworten werden auf der Karte rot bzw. grün angezeigt, abhängig davon wie oft sie richtig erraten wurden.
 
Antwortstatistiken
Paese % Korrekt
China
89%
Russland
89%
Kasachstan
88%
Mongolei
88%
Nordkorea
87%
Frankreich
85%
Polen
85%
Aserbaidschan
77%
Ukraine
77%
Weißrussland
77%
Litauen
76%
Finnland
75%
Georgien
75%
Norwegen
75%
Estland
74%
Lettland
74%
Vereinigte Staaten
72%
Kanada
71%
Mexiko
71%
Brasilien
69%
Pakistan
66%
Bhutan
65%
Birma
65%
Indien
65%
Nepal
65%
Argentinien
64%
Bolivien
64%
Suriname
64%
Paraguay
63%
Peru
63%
Schweiz
63%
Deutschland
62%
Kolumbien
61%
Uruguay
60%
Guyana
59%
Österreich
59%
Venezuela
59%
Belgien
58%
Luxemburg
58%
Niederlande
57%
Tschechien
57%
Zentralafrikanische Republik
56%
Afghanistan
53%
Dänemark
53%
Kamerun
52%
Südsudan
51%
Laos
50%
Vietnam
50%
Kirgisistan
49%
Sambia
49%
Angola
48%
Demokratische Republik Kongo
48%
Tadschikistan
48%
Republik Kongo
47%
Tansania
47%
Uganda
47%
Burundi
45%
Gabun
45%
Libyen
45%
Ruanda
45%
Niger
44%
Algerien
37%
Mali
36%
Tschad
35%
Sudan
31%
Mauretanien
28%
Bangladesch
26%
Sri Lanka
26%
Burkina Faso
25%
Nigeria
25%
Irak
23%
Italien
20%
Marokko
19%
Äthiopien
16%
Elfenbeinküste
16%
Namibia
16%
Saudi-Arabien
16%
Senegal
16%
Spanien
16%
Türkei
16%
Ägypten
15%
Andorra
15%
Botswana
15%
Guinea
15%
Iran
15%
Jordanien
15%
Kuwait
14%
Simbabwe
14%
Südafrika
14%
Ungarn
14%
Armenien
13%
Benin
13%
Chile
13%
Eritrea
13%
Mosambik
13%
Oman
13%
Slowenien
13%
Tunesien
13%
Turkmenistan
13%
Vereinigte Arabische Emirate
13%
Jemen
12%
Katar
12%
Lesotho
11%
Swasiland
11%
Rumänien
10%
Serbien
10%
Slowakei
10%
Bulgarien
9%
Monaco
9%
Kroatien
8%
Guatemala
7%
Kosovo
7%
Mazedonien
7%
Montenegro
7%
San Marino
7%
Vatikanstadt
7%
Vereinigtes Königreich
7%
Belize
6%
Bosnien und Herzegowina
6%
Ecuador
6%
Kenia
6%
Portugal
6%
Syrien
6%
Liechtenstein
5%
Somalia
5%
Costa Rica
4%
Griechenland
4%
Honduras
4%
Malaysia
4%
Panama
4%
Dschibuti
3%
El Salvador
3%
Indonesien
3%
Israel
3%
Nicaragua
3%
Osttimor
3%
Papua-Neuguinea
3%
Schweden
3%
Togo
3%
Albanien
2%
Ghana
2%
Kambodscha
2%
Malawi
2%
Moldawien
2%
Thailand
2%
Usbekistan
2%
Äquatorial-Guinea
1%
Dominikanische Republik
1%
Gambia
1%
Guinea-Bissau
1%
Haiti
1%
Irland
1%
Libanon
1%
Liberia
1%
Sierra Leone
1%
Brunei
0%
Südkorea
0%
Keine übereinstimmenden Quizze gefunden
Verteilung der Resultate
Anzahl Personen mit jedem Resultat
Perzentil nach korrekt beantworteten Fragen
Ihre Resultats-Entwicklung
Sie haben dieses Quiz noch nicht gespielt